| 000 | 00696cam2a220021700 4500 | ||
|---|---|---|---|
| 001 | qce01685608 | ||
| 005 | 20190826103438.0 | ||
| 008 | 731109s1966 nju eng u | ||
| 035 | _a(Sirsi) r105501 | ||
| 035 | _a(QCAT)lss00492944 | ||
| 035 | _a(UPRA)qce01685608 | ||
| 040 | _dUPRA | ||
| 082 | _a959 | ||
| 100 | 1 |
_aMeyer, Milton Walter. _6A62565.1 |
|
| 245 | 1 | 0 |
_aSoutheast Asia: a brief history / _cby Milton W. Meyer. |
| 260 |
_aTotowa, NJ : _bLittlefield, Adams, _c[1966, c1965] |
||
| 504 | _aBibliography: p. 215-217. | ||
| 651 | 0 |
_aAsia, Southeastern -- History. _xAsia, Southeastern -- History. _6S30745.1 |
|
| 949 |
_aDS511 _wlcc _i-150037 _mMAIN _tBOOK _lON-SHELF |
||
| 004 | 105501 | ||
| 999 |
_c165796 _d165796 |
||